Online
Catalog

50 décadas de historia puertorriqueña / (Record no. 24239)

MARC details
000 -CABECERA
campo de control de longitud fija 00639nam a2200181 a 4500
001 - NÚMERO DE CONTROL
campo de control 000024746
005 - FECHA Y HORA DE LA ÚLTIMA TRANSACCIÓN
campo de control 20200930023338.0
008 - DATOS DE LONGITUD FIJA--INFORMACIÓN GENERAL
campo de control de longitud fija 110203s1992 pr a r 000 0 spa d
040 ## - FUENTE DE LA CATALOGACIÓN
Centro catalogador/agencia de origen DO-SdBNP
Lengua de catalogación spa
Centro/agencia transcriptor BNPHU
082 ## - NÚMERO DE LA CLASIFICACIÓN DECIMAL DEWEY
Número de clasificación 972.95
Número de documento/Ítem Q7c
100 1# - ENTRADA PRINCIPAL--NOMBRE DE PERSONA
Nombre de persona Quiñones Calderón, Antonio.
9 (RLIN) 16095
245 10 - MENCIÓN DE TÍTULO
Título 50 décadas de historia puertorriqueña /
Mención de responsabilidad, etc. Antonio Quiñones Calderón.10.
246 13 - FORMA VARIANTE DE TÍTULO
Título propio/Titulo breve Cincuenta décadas de historia puertorriqueña
260 ## - PUBLICACIÓN, DISTRIBUCIÓN, ETC.
Lugar de publicación, distribución, etc. San Juan, Puento Rico :
Nombre del editor, distribuidor, etc. Gobierno Municipal de San Juan,
Fecha de publicación, distribución, etc. 1992.
300 ## - DESCRIPCIÓN FÍSICA
Extensión 477 p. :
Otras características físicas il. ;
Dimensiones 18 cm.
504 ## - NOTA DE BIBLIOGRAFÍA, ETC.
Nota de bibliografía, etc. Bibliografía : 471-477 p.
650 #4 - PUNTO DE ACCESO ADICIONAL DE MATERIA--TÉRMINO DE MATERIA
Término de materia o nombre geográfico como elemento de entrada Puerto rico
Subdivisión general Historia
9 (RLIN) 42137
Holdings
Estado de retiro Estado de pérdida Restricciones de uso No para préstamo Código de colección Localización permanente Ubicación/localización actual Ubicación en estantería Fecha de adquisición Número de inventario Total de préstamos Signatura topográfica completa Código de barras Fecha visto por última vez Precio válido a partir de Tipo de ítem Koha Número de copia
      Excluido de préstamo Monografías: Libros y Folletos General General Depósito 03.02.2011 LF1   972.95 Q7c 24746-10 25.06.2020 25.06.2020 No se presta  
  Extraviado   Excluido de préstamo Monografías: Libros y Folletos General General Extraviado 02.06.2017 LF1   972.95 Q7c 24746-20 25.06.2020 25.06.2020 No se presta e. 2

Powered by Koha